000
00335nam a2200121 a 4500
005
20140414131926.0
008
101027s19uu xx 00 eng d
050
_a
ER
_b
P66 1985
100
_a
Blyton, Enid
245
_a
Pipes for old puff :
_b
The little down cushion.
260
_a
London :
_b
Award Publications,
_c
1985.
999
_c
111999
_d
111999